000 00653nam a22001937a 4500
003 0
005 20250103111507.0
008 250103b xxu||||| |||| 00| 0 eng d
020 _a9781984688293
050 _aQA 537
_b.I145 2024
245 _aIllustrated dictionary of statistics /
_cedited by Bart Masters.
250 _a3rd ed.
260 _aNew York, NY :
_b3G E-Learning LLC,
_c2024.
300 _a266 p. :
_bcol. ill. ;
_c26 cm.
500 _aTerms. Definitions. Examples. (in cover).
500 _aDesignated for Senior High to Undergraduate students (in Cover).
650 _aStatistics
_vProblems, exercises, etc.
942 _2lcc
_cBK
999 _c366859
_d366859